000 00989nam a2200301 i 4500
003 EG-GICUC
005 20260418074403.0
008 260418s1898 fr ||||fr|||| 00| 0 fre d
040 _a EG-GICUC
_bfre
_c EG-GICUC
_d EG-GICUC
_erda
041 _afre
082 0 4 _221
_a343.302046
_bVE . C
092 0 4 _221
099 _aLaw1 10 343.302046 VE . C 1898
100 1 _aVerdier, Gabriel
_eAuteur
245 1 0 _aCode de procédure criminelle espagnol (14 septembre 1882) /
_cPar Gabriel Verdier, Joseph Depeiges.
264 1 _aParis :
_bImprimerie nationale,
_c1898.
300 _a404 pages.
_c25 cm.
336 _2rda content
_atext
337 _2rda media
_aComputer
338 _2rda carrier
_aOnline Resource
546 _aTexte en français
650 1 _2Droit pénal
650 1 _2Droit de procédure pénale
_xCode
_zEspagne
700 1 _aDepeiges, Joseph,
_eÉditeur
856 4 0 _uhttps://fll.law.cu.edu.eg/fulltext/bks/B10-09155.pdf
905 _a43
942 _2ddc
_n0
_cBK
_e21
999 _c71576
_d71576